000 00344 a2200169 4500
001 50042
020 _a8532250513
040 _cAnchieta - Bela Vista
100 _aBraz, Júlio Emílio
240 1 0 _aRapunzel
_lpor
245 1 0 _aRapunzel
300 _a30
362 0 _a2003
440 1 _aFTD
650 4 _aLiteratura juvenil
942 _cBK
999 _c50042
_d50042